LEADER 01145nam2-2200361---450- 001 990002467820203316 005 20051019153813.0 035 $a000246782 035 $aUSA01000246782 035 $a(ALEPH)000246782USA01 035 $a000246782 100 $a20050907d1987----km-y0itay0103----ba 101 $alat 102 $aBE 105 $aa|||||||001yy 200 1 $aFlorilegia$eFlorilegium Frisingense (CLM 6433), Testimonia divinae scripturae $fedidit Albert Lehner Pubblicazione 210 $aTurnhout$cBrepols$d1987 215 $aXXXIX, 151 p., [2] c. di tav.$cill.$d26 cm 225 2 $aCorpus Christianorum$iSeries Latina$v108 D 410 0$12001$aCorpus Christianorum$iSeries Latina$v108 D 454 1$12001 461 1$1001-------$12001 676 $a878.002 702 1$aLEHNER,$bAlbert 801 0$aIT$bsalbc$gISBD 912 $a990002467820203316 951 $aV.4. Coll.1/ 87 (IV A 864/108 D)$b174769 L.M.$cIV A$d00135031 959 $aBK 969 $aUMA 979 $aVITALE$b90$c20050907$lUSA01$h1655 979 $aCOPAT4$b90$c20051019$lUSA01$h1538 996 $aFlorilegia$9902073 997 $aUNISA LEADER 01348oam 2200421zu 450 001 9910714546103321 005 20210804000217.0 010 $a0-585-23220-2 035 $a(CKB)111004368669538 035 $a(SSID)ssj0000226579 035 $a(PQKBManifestationID)12093117 035 $a(PQKBTitleCode)TC0000226579 035 $a(PQKBWorkID)10257917 035 $a(PQKB)11362035 035 $a(EXLCZ)99111004368669538 100 $a20160829d2005 uy 101 0 $aeng 181 $ctxt 182 $cc 183 $acr 200 10$aPrescription Drug Abuse 210 31$a[Place of publication not identified]$cRosen Publishing Group Incorporated The$d2005 300 $aBibliographic Level Mode of Issuance: Monograph 311 $a0-8239-3158-7 330 $aDiscusses how prescription drugs are abused, how to recognize this problem in parents and friends, and how to seek help. 606 $aSubstance Abuse Disorders$2HILCC 606 $aPsychiatry$2HILCC 606 $aHealth & Biological Sciences$2HILCC 615 7$aSubstance Abuse Disorders 615 7$aPsychiatry 615 7$aHealth & Biological Sciences 676 $a362.29/9 700 $aRoberts$b Jeremy$081217 801 0$bPQKB 906 $aBOOK 912 $a9910714546103321 996 $aPrescription Drug Abuse$93264358 997 $aUNINA